[Event "RUS Cup Final Men 2019"]
[Site "Khanty-Mansiysk"]
[Date "2019.12.05"]
[Round "1.7"]
[White "Kryakvin, Dmitry"]
[Black "Savchenko, Boris"]
[Result "1/2-1/2"]
[WhiteElo "2596"]
[BlackElo "2577"]
[Annotator "TA"]
[PlyCount "118"]
[EventDate "2019.12.05"]
[EventType "k.o."]
[EventCountry "RUS"]
[SourceTitle "playchess.com"]
[Source "ChessBase"]
[SourceQuality "1"]

{[%evp 17,118,17,8,18,18,18,35,14,0,-6,0,0,20,0,0,0,0,0,0,-35,0,-22,-9,-4,0,-14,0,0,0,0,2,0,0,0,0,0,0,0,0,0,0,0,0,0,0,0,6,0,11,8,11,11,0,0,9,0,26,8,9,0,0,0,0,-31,0,-42,0,-24,-8,-117,-56,-206,-206,-254,0,0,0,0,0,0,0,0,4,0,0,0,0,0,0,0,41,4,8,8,8,8,8,8,8,3,3,3,3]} 1. d4 Nf6 2. c4 g6 3. Nf3 Bg7 4. e3 c5 5. d5 e6 6. Nc3 O-O 7. Be2 exd5 8. cxd5 d6 9. O-O Bg4 10. h3 {E61: King's Indian: Early deviations for White, including Smyslov System} Bxf3 11. Bxf3 Na6 12. Qb3 {White is slightly better.} Rb8 13. Nb5 Qb6 14. e4 {[#]} Nb4 $146 ({Predecessor:} 14... Nc7 15. Nc3 Qa6 16. Bf4 Rfd8 17. a4 Nd7 {1-0 (46) Khismatullin,D (2627)-Triapishko,A (2513) Yaroslavl 2018}) 15. a3 Nc6 16. Bf4 Ne5 17. Bxe5 dxe5 18. Qc4 Ne8 (18... a6 $5 19. Nc3 $8 Qxb2 $11) 19. b4 a6 {Strongly threatening ...cxb4.} 20. Nc3 Rc8 21. bxc5 Rxc5 22. Na4 $1 {[%csl LRb6,LRc5][%mdl 64] Double Attack} Rxc4 23. Nxb6 Rc7 $1 24. Rfc1 Rxc1+ 25. Rxc1 {Hoping for Nd7.} Nd6 26. g4 Bh6 27. Rc2 Bg5 28. a4 Kg7 29. Kg2 Re8 30. Kg3 Bf4+ 31. Kg2 Bg5 32. Kg3 f5 33. gxf5 gxf5 34. exf5 Bd8 35. f6+ {[%mdl 64] Decoy} Kxf6 36. Nd7+ Kf5 37. Bg4+ Ke4 38. Be6 Kd3 39. Rc1 e4 40. Kg4 h6 41. Nc5+ Kd4 42. Kh5 Rf8 43. Rc2 (43. Bg4 $1 $11 Bg5 44. Rc2) 43... Rf4 (43... Ba5 $17 44. Bg4 Rf6) 44. Bg8 ({Better is} 44. Bg4 $1 $15 Kxd5 45. Be6+ Ke5 46. Bg4) 44... Rf3 $19 45. Kg4 {[#]} Bb6 $2 {[#]} (45... h5+ $1 $19 {[%mdl 512]} 46. Kxh5 Rxh3+ 47. Kg6 Rh2 48. Ne6+ Kd3) 46. Nxe4 $1 $11 {[%mdl 512]} Rf8 (46... Kxe4 47. Re2+) 47. Nxd6 Rxg8+ {[%mdl 4096] Endgame KRB-KRN} 48. Kh5 {And now Rd2+ would win.} Kxd5 49. Nxb7 Re8 50. a5 Bd4 51. f4 Rf8 52. Kg4 Be3 53. f5 Bd4 54. Rc7 Rg8+ {The position is equal.} 55. Kh5 Be5 56. Rc5+ Ke4 57. f6 {Threatens to win with f7.} Bxf6 58. Nd6+ Kd4 59. Rc6 Rg5+ {Accuracy: White = 33%, Black = 60%.} 1/2-1/2

[Event "RUS Cup Final Men 2019"]
[Site "Khanty-Mansiysk"]
[Date "2019.12.05"]
[Round "1.8"]
[White "Afanasiev, Nikita"]
[Black "Sarana, Alexey"]
[Result "1/2-1/2"]
[WhiteElo "2517"]
[BlackElo "2663"]
[Annotator "TA"]
[PlyCount "47"]
[EventDate "2019.12.05"]
[EventType "k.o."]
[EventCountry "RUS"]
[SourceTitle "playchess.com"]
[Source "ChessBase"]
[SourceQuality "1"]

{[%evp 11,47,8,12,10,12,22,22,26,13,18,26,22,4,16,22,25,22,21,28,26,31,31,34,5,6,12,6,4,13,0,0,0,15,0,0,0,18,0]} 1. e4 c5 2. Nf3 d6 3. d4 cxd4 4. Qxd4 Nc6 5. Bb5 Bd7 6. Qd3 g6 7. c4 {B53: Sicilian: 2...d6: Lines with Qxd4} Bg7 8. O-O Nf6 9. Nc3 O-O 10. h3 a6 11. Bxc6 Bxc6 12. Nd4 Nd7 13. Be3 Nc5 14. Qc2 Rc8 {[#]} 15. Rfd1 $146 ({Predecessor:} 15. Rac1 Qa5 16. Rfd1 Rfe8 17. Qd2 Na4 18. Nd5 Qxd2 19. Rxd2 e6 20. Nxc6 exd5 {½-½ (49) Malakhov,V (2701)-Bologan,V (2649) Kishinev 2014}) 15... Qd7 16. Rac1 Ne6 17. Qe2 Nxd4 {The position is equal.} 18. Bxd4 Bh6 19. Be3 Bg7 20. Bd4 Bh6 21. Be3 Bg7 22. Bd4 Bh6 23. Be3 Bg7 24. Bd4 {Accuracy: White = 64%, Black = 88%.} 1/2-1/2

[Event "RUS Cup Final Men 2019"]
[Site "Khanty-Mansiysk"]
[Date "2019.12.07"]
[Round "2.1"]
[White "Sjugirov, Sanan"]
[Black "Goganov, Aleksey"]
[Result "1/2-1/2"]
[WhiteElo "2665"]
[BlackElo "2581"]
[Annotator "ChessBase"]
[PlyCount "104"]
[EventDate "2019.12.05"]
[EventType "k.o."]
[EventCountry "RUS"]
[SourceTitle "playchess.com"]
[Source "ChessBase"]
[SourceQuality "1"]
[TimeControl "5400+30"]

1. Nf3 {[%emt 0:00:00]} d5 {[%emt 0:00:00]} 2. g3 {[%emt 0:00:07]} g6 {[%emt 0:00:00]} 3. Bg2 {[%emt 0:04:27]} Bg7 {[%emt 0:00:00]} 4. d4 {[%emt 0:00:18]} Nf6 {[%emt 0:00:05]} 5. O-O {[%emt 0:01:47]} O-O {[%emt 0:00:06]} 6. c4 {[%emt 0:00:42]} dxc4 {[%emt 0:02:01]} 7. Na3 {[%emt 0:00:37]} c5 {[%emt 0:00:12]} 8. dxc5 {[%emt 0:11:20]} c3 {[%emt 0:00:42]} 9. Nb5 {[%emt 0:04:14]} Na6 {[%emt 0:00:19]} 10. Nxc3 {[%emt 0:05:53]} Nxc5 {[%emt 0:00:07]} 11. Be3 {[%emt 0:00:55]} Nfe4 {[%emt 0:00:10]} 12. Nxe4 {[%emt 0:02:16]} Nxe4 {[%emt 0:00:15]} 13. Nd4 {[%emt 0:00:37]} Nd6 {[%emt 0:04:14]} 14. Rc1 {[%emt 0:13:22]} Bd7 {[%emt 0:05:40]} 15. Qd2 {[%emt 0:08:22]} Rc8 {[%emt 0:03:04]} 16. Rxc8 {[%emt 0:02:48]} Qxc8 {[%emt 0:00:38]} 17. Rc1 {[%emt 0:00:30]} Qb8 {[%emt 0:01:11]} 18. Bg5 {[%emt 0:03:25]} Re8 {[%emt 0:12:36]} 19. Nb3 {[%emt 0:02:15]} Bb5 {[%emt 0:04:25]} 20. Na5 {[%emt 0:03:59]} Bf6 {[%emt 0:04:50]} 21. Bxf6 {[%emt 0:02:11]} exf6 {[%emt 0:00:05]} 22. e3 {[%emt 0:00:26]} Rc8 {[%emt 0:07:35]} 23. Rd1 {[%emt 0:07:03]} b6 {[%emt 0:06:03]} 24. Nb3 {[%emt 0:00:06]} Nc4 {[%emt 0:00:35]} 25. Qb4 {[%emt 0:02:47]} Be8 {[%emt 0:03:05]} 26. Nd4 {[%emt 0:01:04]} Qd6 {[%emt 0:03:15]} 27. Qc3 {[%emt 0:01:37]} Bd7 {[%emt 0:01:24]} 28. b3 {[%emt 0:03:03]} Ne5 {[%emt 0:00:15]} 29. Qd2 {[%emt 0:00:50]} Qe7 {[%emt 0:07:53]} 30. h3 {[%emt 0:00:39]} Kg7 {[%emt 0:00:54]} 31. f4 {[%emt 0:01:57]} Nc6 {[%emt 0:00:32]} 32. Nb5 {[%emt 0:00:04]} Nb8 {[%emt 0:05:16]} 33. Nd6 {[%emt 0:00:25]} Rc7 {[%emt 0:00:36]} 34. e4 {[%emt 0:04:20]} Bc6 {[%emt 0:01:28]} 35. Qd4 {[%emt 0:02:19]} Nd7 {[%emt 0:00:42]} 36. b4 {[%emt 0:01:26]} Nf8 {[%emt 0:04:04]} 37. e5 {[%emt 0:02:10]} fxe5 {[%emt 0:01:36]} 38. Qxe5+ {[%emt 0:00:11]} Qxe5 {[%emt 0:00:15]} 39. fxe5 {[%emt 0:00:02]} Ne6 {[%emt 0:03:45]} 40. Rc1 {[%emt 0:03:00]} Bd7 {[%emt 0:01:43]} 41. Rf1 {[%emt 0:00:33]} Nd8 {[%emt 0:01:15]} 42. Bd5 {[%emt 0:00:11]} Rc3 {[%emt 0:01:36]} 43. g4 {[%emt 0:02:00]} Rxh3 {[%emt 0:07:17]} 44. Nxf7 {[%emt 0:00:14]} Rg3+ {[%emt 0:05:05]} 45. Kh2 {[%emt 0:01:18]} Rd3 {[%emt 0:00:07]} 46. Bc4 {[%emt 0:01:17]} Rd2+ {[%emt 0:00:05]} 47. Kg3 {[%emt 0:00:03]} Be6 {[%emt 0:01:19]} 48. Bxe6 {[%emt 0:00:29]} Nxe6 {[%emt 0:00:05]} 49. Nd6 {[%emt 0:00:05]} Rxa2 {[%emt 0:01:33]} 50. Rf7+ {[%emt 0:00:55]} Kg8 {[%emt 0:00:19]} 51. Rb7 {[%emt 0:02:16]} Ra3+ {[%emt 0:00:09]} 52. Kf2 {[%emt 0:00:29]} Nf4 {[%emt 0:00:50]} 1/2-1/2

[Event "RUS Cup Final Men 2019"]
[Site "Khanty-Mansiysk"]
[Date "2019.12.07"]
[Round "2.1"]
[White "Kokarev, Dmitry"]
[Black "Chigaev, Maksim"]
[Result "1/2-1/2"]
[WhiteElo "2606"]
[BlackElo "2631"]
[Annotator "ChessBase"]
[PlyCount "89"]
[EventDate "2019.12.05"]
[EventType "k.o."]
[EventCountry "RUS"]
[SourceTitle "playchess.com"]
[Source "ChessBase"]
[SourceQuality "1"]
[TimeControl "5400+30"]

1. e4 {[%emt 0:00:00]} e5 {[%emt 0:00:00]} 2. Nf3 {[%emt 0:00:00]} Nc6 {[%emt 0:00:00]} 3. Bb5 {[%emt 0:00:00]} a6 {[%emt 0:00:00]} 4. Ba4 {[%emt 0:00:00]} Nf6 {[%emt 0:00:00]} 5. O-O {[%emt 0:00:00]} Be7 {[%emt 0:00:00]} 6. Re1 {[%emt 0:00:05]} b5 {[%emt 0:00:03]} 7. Bb3 {[%emt 0:00:07]} d6 {[%emt 0:00:07]} 8. a4 {[%emt 0:00:07]} Bg4 {[%emt 0:00:06]} 9. c3 {[%emt 0:00:08]} O-O {[%emt 0:00:18]} 10. h3 {[%emt 0:00:51]} Bh5 {[%emt 0:00:06]} 11. d3 {[%emt 0:00:23]} Na5 {[%emt 0:00:18]} 12. Ba2 {[%emt 0:01:41]} c5 {[%emt 0:01:14]} 13. Bg5 {[%emt 0:03:43]} b4 {[%emt 0:05:29]} 14. Bxf6 {[%emt 0:01:30]} Bxf6 {[%emt 0:00:07]} 15. Nbd2 {[%emt 0:01:25]} Rb8 {[%emt 0:02:08]} 16. Bd5 {[%emt 0:04:01]} Bg5 {[%emt 0:04:48]} 17. Nf1 {[%emt 0:10:58]} Bxf3 {[%emt 0:16:25]} 18. Qxf3 {[%emt 0:00:16]} g6 {[%emt 0:00:06]} 19. Qe2 {[%emt 0:07:09]} Kg7 {[%emt 0:05:36]} 20. Nh2 {[%emt 0:09:38]} Qb6 {[%emt 0:03:50]} 21. Nf3 {[%emt 0:03:43]} Bf6 {[%emt 0:00:07]} 22. Qe3 {[%emt 0:03:00]} bxc3 {[%emt 0:03:27]} 23. bxc3 {[%emt 0:00:06]} Qb2 {[%emt 0:00:05]} 24. Rec1 {[%emt 0:05:29]} Qb6 {[%emt 0:06:32]} 25. g3 {[%emt 0:14:23]} Qc7 {[%emt 0:00:56]} 26. Rcb1 {[%emt 0:00:47]} Rb6 {[%emt 0:05:50]} 27. h4 {[%emt 0:00:54]} h6 {[%emt 0:00:22]} 28. Kg2 {[%emt 0:11:03]} h5 {[%emt 0:01:11]} 29. Nd2 {[%emt 0:04:00]} Rfb8 {[%emt 0:02:54]} 30. Qe1 {[%emt 0:00:15]} Qd7 {[%emt 0:04:03]} 31. Rxb6 {[%emt 0:01:38]} Rxb6 {[%emt 0:00:05]} 32. Rb1 {[%emt 0:00:07]} Rxb1 {[%emt 0:02:13]} 33. Qxb1 {[%emt 0:00:12]} Bd8 {[%emt 0:00:04]} 34. Qc2 {[%emt 0:03:40]} Bf6 {[%emt 0:04:47]} 35. Nf3 {[%emt 0:01:39]} Bd8 {[%emt 0:00:18]} 36. Qa2 {[%emt 0:00:48]} Qe8 {[%emt 0:05:22]} 37. Nd2 {[%emt 0:01:46]} Qd7 {[%emt 0:00:07]} 38. Nf1 {[%emt 0:00:17]} Qe8 {[%emt 0:01:49]} 39. Ne3 {[%emt 0:00:13]} Qd7 {[%emt 0:00:06]} 40. Qb2 {[%emt 0:03:35]} Qxa4 {[%emt 0:03:02]} 41. Qb8 {[%emt 0:00:11]} Qd7 {[%emt 0:00:04]} 42. Qa8 {[%emt 0:00:10]} c4 {[%emt 0:01:20]} 43. Bxc4 {[%emt 0:03:58]} Nxc4 {[%emt 0:01:35]} 44. Nxc4 {[%emt 0:00:20]} Bxh4 {[%emt 0:00:07]} 45. Qxa6 {[%emt 0:01:59]} 1/2-1/2

[Event "RUS Cup Final Men 2019"]
[Site "Khanty-Mansiysk"]
[Date "2019.12.07"]
[Round "2.1"]
[White "Kryakvin, Dmitry"]
[Black "Sarana, Alexey"]
[Result "0-1"]
[WhiteElo "2596"]
[BlackElo "2663"]
[Annotator "ChessBase"]
[PlyCount "92"]
[EventDate "2019.12.05"]
[EventType "k.o."]
[EventCountry "RUS"]
[SourceTitle "playchess.com"]
[Source "ChessBase"]
[SourceQuality "1"]
[TimeControl "5400+30"]

1. e4 {[%emt 0:00:00]} c5 {[%emt 0:02:03]} 2. Nf3 {[%emt 0:00:00]} d6 {[%emt 0:00:09]} 3. d4 {[%emt 0:00:00]} cxd4 {[%emt 0:00:18]} 4. Qxd4 {[%emt 0:00:00]} Nf6 {[%emt 0:00:28]} 5. Bg5 {[%emt 0:00:12]} Nc6 {[%emt 0:00:37]} 6. Bb5 {[%emt 0:00:16]} Bd7 {[%emt 0:00:11]} 7. Bxc6 {[%emt 0:00:28]} Bxc6 {[%emt 0:00:03]} 8. Nc3 {[%emt 0:00:11]} e6 {[%emt 0:00:03]} 9. O-O-O {[%emt 0:00:29]} Be7 {[%emt 0:00:04]} 10. Qd3 {[%emt 0:00:11]} h6 {[%emt 0:07:59]} 11. Bh4 {[%emt 0:07:17]} Rc8 {[%emt 0:01:20]} 12. Nd4 {[%emt 0:04:18]} a6 {[%emt 0:07:02]} 13. Rhe1 {[%emt 0:10:23]} O-O {[%emt 0:06:29]} 14. f4 {[%emt 0:03:55]} Qc7 {[%emt 0:05:22]} 15. f5 {[%emt 0:05:38]} Nh7 {[%emt 0:10:59]} 16. Qg3 {[%emt 0:09:58]} Rfe8 {[%emt 0:03:50]} 17. Bxe7 {[%emt 0:11:03]} Qxe7 {[%emt 0:00:41]} 18. fxe6 {[%emt 0:00:04]} fxe6 {[%emt 0:00:33]} 19. e5 {[%emt 0:00:18]} d5 {[%emt 0:02:06]} 20. h4 {[%emt 0:00:33]} Rf8 {[%emt 0:03:31]} 21. Re3 {[%emt 0:02:30]} Rf7 {[%emt 0:02:01]} 22. Rf3 {[%emt 0:01:17]} Rcf8 {[%emt 0:00:55]} 23. Rdf1 {[%emt 0:02:18]} Rxf3 {[%emt 0:01:42]} 24. gxf3 {[%emt 0:00:20]} Rf7 {[%emt 0:04:52]} 25. f4 {[%emt 0:02:45]} Nf8 {[%emt 0:00:06]} 26. Rf2 {[%emt 0:05:34]} Qc5 {[%emt 0:02:00]} 27. Rd2 {[%emt 0:00:30]} Be8 {[%emt 0:04:47]} 28. Qg4 {[%emt 0:04:25]} Bd7 {[%emt 0:01:35]} 29. Nce2 {[%emt 0:01:31]} Kh7 {[%emt 0:02:00]} 30. h5 {[%emt 0:03:51]} Qe7 {[%emt 0:03:06]} 31. Rd1 {[%emt 0:00:50]} Qc5 {[%emt 0:02:34]} 32. Ng1 {[%emt 0:01:04]} b5 {[%emt 0:01:48]} 33. Ngf3 {[%emt 0:00:24]} Kg8 {[%emt 0:00:05]} 34. Nh4 {[%emt 0:00:52]} b4 {[%emt 0:01:54]} 35. Kb1 {[%emt 0:05:46]} a5 {[%emt 0:01:22]} 36. f5 {[%emt 0:02:37]} exf5 {[%emt 0:00:28]} 37. Qf4 {[%emt 0:00:03]} Ne6 {[%emt 0:01:49]} 38. Nxe6 {[%emt 0:02:54]} Bxe6 {[%emt 0:00:13]} 39. Ng2 {[%emt 0:00:16]} d4 {[%emt 0:02:29]} 40. Rxd4 {[%emt 0:00:52]} Rd7 {[%emt 0:00:46]} 41. Rxd7 {[%emt 0:03:48]} Qg1+ {[%emt 0:00:32]} 42. Qc1 {[%emt 0:00:05]} Bxa2+ {[%emt 0:00:11]} 43. Kxa2 {[%emt 0:00:09]} Qxc1 {[%emt 0:00:03]} 44. Nh4 {[%emt 0:07:46]} Qxc2 {[%emt 0:01:19]} 45. Rd8+ {[%emt 0:00:06]} Kf7 {[%emt 0:00:03]} 46. Ng6 {[%emt 0:00:09]} b3+ {[%emt 0:00:20] e6+ Kxe6+} 0-1

[Event "RUS Cup Final Men 2019"]
[Site "Khanty-Mansiysk"]
[Date "2019.12.07"]
[Round "2.1"]
[White "Volkov, Sergey"]
[Black "Pogosyan, Stefan"]
[Result "1-0"]
[WhiteElo "2578"]
[BlackElo "2459"]
[Annotator "ChessBase"]
[PlyCount "91"]
[EventDate "2019.12.05"]
[EventType "k.o."]
[EventCountry "RUS"]
[SourceTitle "playchess.com"]
[Source "ChessBase"]
[SourceQuality "1"]
[TimeControl "5400+30"]

1. d4 {[%emt 0:00:00]} Nf6 {[%emt 0:00:00]} 2. Nf3 {[%emt 0:00:06]} e6 {[%emt 0:00:06]} 3. c4 {[%emt 0:00:05]} b6 {[%emt 0:00:26]} 4. g3 {[%emt 0:00:16]} Ba6 {[%emt 0:00:08]} 5. Qa4 {[%emt 0:00:31]} Bb7 {[%emt 0:00:40]} 6. Bg2 {[%emt 0:00:07]} c5 {[%emt 0:00:08]} 7. O-O {[%emt 0:00:08]} cxd4 {[%emt 0:00:08]} 8. Nxd4 {[%emt 0:00:09]} Bxg2 {[%emt 0:00:04]} 9. Kxg2 {[%emt 0:00:08]} Qc8 {[%emt 0:00:06]} 10. Rd1 {[%emt 0:00:43]} Be7 {[%emt 0:02:43]} 11. Nc3 {[%emt 0:00:39]} O-O {[%emt 0:00:16]} 12. e4 {[%emt 0:00:27]} Nc6 {[%emt 0:17:47]} 13. Nxc6 {[%emt 0:04:04]} Qxc6 {[%emt 0:04:05]} 14. Qxc6 {[%emt 0:02:40]} dxc6 {[%emt 0:01:35]} 15. e5 {[%emt 0:05:14]} Ng4 {[%emt 0:00:39]} 16. Re1 {[%emt 0:00:32]} Bc5 {[%emt 0:07:22]} 17. Re2 {[%emt 0:05:39]} Bd4 {[%emt 0:28:12]} 18. Re4 {[%emt 0:01:17]} Bxc3 {[%emt 0:00:15]} 19. bxc3 {[%emt 0:00:23]} f5 {[%emt 0:00:28]} 20. exf6 {[%emt 0:05:31]} Nxf6 {[%emt 0:00:06]} 21. Rxe6 {[%emt 0:00:12]} Rae8 {[%emt 0:00:05]} 22. Rxe8 {[%emt 0:04:41]} Rxe8 {[%emt 0:00:16]} 23. c5 {[%emt 0:08:37]} Re1 {[%emt 0:09:35]} 24. cxb6 {[%emt 0:09:55]} axb6 {[%emt 0:00:08]} 25. c4 {[%emt 0:01:29]} c5 {[%emt 0:08:29]} 26. Bb2 {[%emt 0:03:09]} Re2 {[%emt 0:01:37]} 27. Bxf6 {[%emt 0:04:05]} gxf6 {[%emt 0:00:09]} 28. Rb1 {[%emt 0:00:10]} Re6 {[%emt 0:03:37]} 29. Kf3 {[%emt 0:02:09]} Kf7 {[%emt 0:00:10]} 30. a4 {[%emt 0:01:55]} Rd6 {[%emt 0:02:34]} 31. Ke3 {[%emt 0:01:13]} Rd4 {[%emt 0:00:53]} 32. Rxb6 {[%emt 0:00:41]} Rxc4 {[%emt 0:00:12]} 33. a5 {[%emt 0:00:05]} Kg6 {[%emt 0:02:02]} 34. a6 {[%emt 0:03:12]} Ra4 {[%emt 0:00:12]} 35. Rc6 {[%emt 0:00:58]} h5 {[%emt 0:05:48]} 36. h4 {[%emt 0:02:49]} Ra2 {[%emt 0:02:08]} 37. f3 {[%emt 0:01:12]} Ra4 {[%emt 0:02:33]} 38. Kd3 {[%emt 0:00:34]} Ra3+ {[%emt 0:00:49]} 39. Kc4 {[%emt 0:01:50]} Rxf3 {[%emt 0:00:27]} 40. Rxc5 {[%emt 0:01:39]} Rxg3 {[%emt 0:01:49]} 41. Ra5 {[%emt 0:00:39]} Re3 {[%emt 0:00:38]} 42. a7 {[%emt 0:00:09]} Re8 {[%emt 0:00:04]} 43. a8=Q {[%emt 0:00:12]} Rxa8 {[%emt 0:00:02]} 44. Rxa8 {[%emt 0:00:08]} Kf5 {[%emt 0:00:03]} 45. Kd3 {[%emt 0:00:10]} Kg4 {[%emt 0:00:04]} 46. Ke4 1-0

[Event "RUS Cup Final Men 2019"]
[Site "Khanty-Mansiysk"]
[Date "2019.12.08"]
[Round "2.2"]
[White "Sarana, Alexey"]
[Black "Kryakvin, Dmitry"]
[Result "1-0"]
[WhiteElo "2663"]
[BlackElo "2596"]
[Annotator "ChessBase"]
[PlyCount "107"]
[EventDate "2019.12.05"]
[EventType "k.o."]
[EventCountry "RUS"]
[SourceTitle "playchess.com"]
[Source "ChessBase"]
[SourceQuality "1"]
[TimeControl "5400+30"]

1. e4 {[%emt 0:00:00]} c5 {[%emt 0:00:00]} 2. Nf3 {[%emt 0:00:00]} Nc6 {[%emt 0:00:00]} 3. d4 {[%emt 0:00:00]} cxd4 {[%emt 0:00:02]} 4. Nxd4 {[%emt 0:00:00]} Qb6 {[%emt 0:00:39]} 5. Nb3 {[%emt 0:00:03]} Nf6 {[%emt 0:00:05]} 6. Nc3 {[%emt 0:00:08]} e6 {[%emt 0:00:05]} 7. Be3 {[%emt 0:00:19]} Qc7 {[%emt 0:00:40]} 8. Bd3 {[%emt 0:06:33]} Be7 {[%emt 0:04:43]} 9. f4 {[%emt 0:02:42]} d6 {[%emt 0:00:28]} 10. Qf3 {[%emt 0:00:55]} O-O {[%emt 0:00:40]} 11. g4 {[%emt 0:01:59]} Nb4 {[%emt 0:02:44]} 12. g5 {[%emt 0:03:21]} Nd7 {[%emt 0:00:12]} 13. h4 {[%emt 0:09:51]} b6 {[%emt 0:09:59]} 14. Nd4 {[%emt 0:09:51]} Nc5 {[%emt 0:09:24]} 15. Rd1 {[%emt 0:04:41]} Bb7 {[%emt 0:14:48]} 16. a3 {[%emt 0:01:16]} Nbxd3+ {[%emt 0:02:41]} 17. cxd3 {[%emt 0:00:02]} f5 {[%emt 0:00:37]} 18. Qh3 {[%emt 0:11:20]} Rf7 {[%emt 0:11:21]} 19. exf5 {[%emt 0:02:27]} exf5 {[%emt 0:01:13]} 20. O-O {[%emt 0:05:06]} Bf8 {[%emt 0:02:09]} 21. b4 {[%emt 0:01:51]} Nb3 {[%emt 0:02:15]} 22. Nce2 {[%emt 0:07:01]} Nxd4 {[%emt 0:01:11]} 23. Bxd4 {[%emt 0:00:05]} Re8 {[%emt 0:01:55]} 24. Rc1 {[%emt 0:03:11]} Qd7 {[%emt 0:02:27]} 25. Nc3 {[%emt 0:00:17]} Qe6 {[%emt 0:03:05]} 26. Rb1 {[%emt 0:01:26]} Rfe7 {[%emt 0:00:45]} 27. Kf2 {[%emt 0:01:06]} g6 {[%emt 0:02:02]} 28. h5 {[%emt 0:04:14]} gxh5 {[%emt 0:00:49]} 29. Rfe1 {[%emt 0:01:57]} Qf7 {[%emt 0:02:38]} 30. Bf6 {[%emt 0:00:37]} Rxe1 {[%emt 0:02:39]} 31. Rxe1 {[%emt 0:00:07]} Rxe1 {[%emt 0:00:30]} 32. Kxe1 {[%emt 0:00:01]} Bc8 {[%emt 0:00:13]} 33. Ne2 {[%emt 0:01:24]} h6 {[%emt 0:03:54]} 34. Ng3 {[%emt 0:03:57]} Qe6+ {[%emt 0:02:30]} 35. Kf2 {[%emt 0:01:51]} hxg5 {[%emt 0:01:25]} 36. fxg5 {[%emt 0:00:30]} Qa2+ {[%emt 0:01:47]} 37. Ne2 {[%emt 0:00:37]} Qf7 {[%emt 0:00:19]} 38. Nf4 {[%emt 0:00:26]} Qa2+ {[%emt 0:01:36]} 39. Ne2 {[%emt 0:02:48]} Qf7 {[%emt 0:01:42]} 40. Nf4 {[%emt 0:00:19]} Qa2+ {[%emt 0:00:08]} 41. Kg3 {[%emt 0:00:41]} Qf7 {[%emt 0:06:06]} 42. Qh4 {[%emt 0:02:37]} Qe8 {[%emt 0:02:45]} 43. Kf2 {[%emt 0:00:19]} Bb7 {[%emt 0:02:27]} 44. g6 {[%emt 0:02:08]} Bh6 {[%emt 0:02:12]} 45. Qxh5 {[%emt 0:00:57]} Qc6 {[%emt 0:00:05]} 46. Qxh6 {[%emt 0:02:16]} Qf3+ {[%emt 0:00:06]} 47. Ke1 {[%emt 0:00:04]} Qe3+ {[%emt 0:00:03]} 48. Kd1 {[%emt 0:00:05]} Bf3+ {[%emt 0:00:14]} 49. Kc2 {[%emt 0:00:07]} Qf2+ {[%emt 0:00:05]} 50. Kb1 {[%emt 0:00:29]} Qe1+ {[%emt 0:02:22]} 51. Ka2 {[%emt 0:00:07]} Qd2+ {[%emt 0:00:08]} 52. Bb2 {[%emt 0:00:05]} Bd5+ {[%emt 0:00:06]} 53. Nxd5 {[%emt 0:00:04]} Qxh6 {[%emt 0:00:04]} 54. Ne7+ {[%emt 0:00:05]} 1-0

[Event "RUS Cup Final Men 2019"]
[Site "Khanty-Mansiysk"]
[Date "2019.12.08"]
[Round "2.2"]
[White "Chigaev, Maksim"]
[Black "Kokarev, Dmitry"]
[Result "1/2-1/2"]
[WhiteElo "2631"]
[BlackElo "2606"]
[Annotator "ChessBase"]
[PlyCount "80"]
[EventDate "2019.12.05"]
[EventType "k.o."]
[EventCountry "RUS"]
[SourceTitle "playchess.com"]
[Source "ChessBase"]
[SourceQuality "1"]
[TimeControl "5400+30"]

1. e4 {[%emt 0:00:00]} c5 {[%emt 0:00:00]} 2. Nf3 {[%emt 0:00:00]} d6 {[%emt 0:00:00]} 3. d4 {[%emt 0:00:00]} cxd4 {[%emt 0:00:00]} 4. Nxd4 {[%emt 0:00:00]} Nf6 {[%emt 0:00:00]} 5. Nc3 {[%emt 0:00:00]} a6 {[%emt 0:00:00]} 6. Bd3 {[%emt 0:00:03]} e5 {[%emt 0:00:22]} 7. Nde2 {[%emt 0:00:08]} Be7 {[%emt 0:00:27]} 8. O-O {[%emt 0:00:10]} O-O {[%emt 0:00:05]} 9. Ng3 {[%emt 0:00:08]} g6 {[%emt 0:01:08]} 10. Bc4 {[%emt 0:00:57]} Be6 {[%emt 0:04:17]} 11. Nd5 {[%emt 0:02:06]} Nbd7 {[%emt 0:14:24]} 12. Nxe7+ {[%emt 0:18:01]} Qxe7 {[%emt 0:00:13]} 13. Bd3 {[%emt 0:00:17]} d5 {[%emt 0:07:59]} 14. Bg5 {[%emt 0:01:34]} Qb4 {[%emt 0:01:56]} 15. exd5 {[%emt 0:01:38]} Nxd5 {[%emt 0:04:34]} 16. b3 {[%emt 0:02:11]} Nc5 {[%emt 0:08:04]} 17. c4 {[%emt 0:05:27]} Nf4 {[%emt 0:02:31]} 18. Bc2 {[%emt 0:01:26]} f6 {[%emt 0:05:13]} 19. Bxf4 {[%emt 0:00:32]} exf4 {[%emt 0:00:05]} 20. Ne4 {[%emt 0:00:07]} Rad8 {[%emt 0:12:36]} 21. Qe1 {[%emt 0:02:27]} Qxe1 {[%emt 0:00:09]} 22. Rfxe1 {[%emt 0:00:04]} Nxe4 {[%emt 0:00:05]} 23. Bxe4 {[%emt 0:00:09]} b5 {[%emt 0:00:45]} 24. Bc6 {[%emt 0:03:04]} Bd7 {[%emt 0:05:34]} 25. Bd5+ {[%emt 0:00:23]} Kg7 {[%emt 0:00:23]} 26. c5 {[%emt 0:00:22]} Bc8 {[%emt 0:03:38]} 27. Rad1 {[%emt 0:03:49]} b4 {[%emt 0:02:10]} 28. c6 {[%emt 0:06:44]} f5 {[%emt 0:02:46]} 29. Re7+ {[%emt 0:04:57]} Kf6 {[%emt 0:00:52]} 30. Rxh7 {[%emt 0:00:07]} Be6 {[%emt 0:03:49]} 31. Bf3 {[%emt 0:00:07]} Rxd1+ {[%emt 0:00:16]} 32. Bxd1 {[%emt 0:00:07]} Rd8 {[%emt 0:00:10]} 33. Bf3 {[%emt 0:01:05]} Rd2 {[%emt 0:01:16]} 34. h4 {[%emt 0:00:06]} Rxa2 {[%emt 0:00:34]} 35. Ra7 {[%emt 0:04:57]} Bxb3 {[%emt 0:02:06]} 36. c7 {[%emt 0:00:50]} Be6 {[%emt 0:04:10]} 37. Bd5 {[%emt 0:02:27]} Ra1+ {[%emt 0:00:11]} 38. Kh2 {[%emt 0:00:06]} Bd7 {[%emt 0:00:05]} 39. Bc6 {[%emt 0:01:27]} Be6 {[%emt 0:03:42]} 40. Bd5 {[%emt 0:00:38]} Bd7 {[%emt 0:00:08]} 1/2-1/2